<?xml version="1.0" encoding="UTF-8"?>
<record
    xmlns:xsi="http://www.w3.org/2001/XMLSchema-instance"
    xsi:schemaLocation="http://www.loc.gov/MARC21/slim http://www.loc.gov/standards/marcxml/schema/MARC21slim.xsd"
    xmlns="http://www.loc.gov/MARC21/slim">

  <leader>03061mam a2200253 a 4500</leader>
  <controlfield tag="001">1996744</controlfield>
  <controlfield tag="003">OSt</controlfield>
  <controlfield tag="005">20220118160929.0</controlfield>
  <controlfield tag="008">961011s1998    txua     b    001 0 eng d</controlfield>
  <datafield tag="020" ind1=" " ind2=" ">
    <subfield code="a">0155188410</subfield>
  </datafield>
  <datafield tag="040" ind1=" " ind2=" ">
    <subfield code="a">NNC</subfield>
    <subfield code="c">NNC</subfield>
  </datafield>
  <datafield tag="050" ind1=" " ind2="4">
    <subfield code="a">HB171.5.B32</subfield>
  </datafield>
  <datafield tag="100" ind1="1" ind2=" ">
    <subfield code="a">Baumol, William J.</subfield>
  </datafield>
  <datafield tag="245" ind1="1" ind2="0">
    <subfield code="a">Economics: principles and policy. /</subfield>
    <subfield code="c">William J. Baumol, Alan S. Blinder.</subfield>
  </datafield>
  <datafield tag="250" ind1=" " ind2=" ">
    <subfield code="a">3rd ed., </subfield>
  </datafield>
  <datafield tag="260" ind1=" " ind2=" ">
    <subfield code="a">New York:</subfield>
    <subfield code="b">Harcourt Brace,</subfield>
    <subfield code="c">1985.</subfield>
  </datafield>
  <datafield tag="300" ind1=" " ind2=" ">
    <subfield code="a">xxxii, 875 p. :</subfield>
    <subfield code="b">ill. ;</subfield>
  </datafield>
  <datafield tag="500" ind1=" " ind2=" ">
    <subfield code="a">"Text has been updated to reflect the most current data"--T.p. verso.</subfield>
  </datafield>
  <datafield tag="504" ind1=" " ind2=" ">
    <subfield code="a">Includes index.</subfield>
  </datafield>
  <datafield tag="505" ind1=" " ind2=" ">
    <subfield code="a">Contents: 1. What is Economics all about? : What is Economics -- The use and misuse of graphs -- The Economic problem -- Supply and demand: an initial look -- 2. Essentials of macroeconomics: aggregate supply and aggregate demand: Macroeconomics and microeconomics -- Unemployment and inflation: the twin evils of macroeconomics -- Income and spending: the powerful customer -- Demand-side equilibrium: unemployment or inflation? -- Changes on the demand side: multiplier analysis -- Supply-side equilibrium: Unemployment and inflation? -- 3. Fiscal and monetary policy: Fiscal policy and supply-side economics -- Banking and the creation of money -- Central banking and monetary policy -- Money and the national economy: the Keynesian-Monetarist debate -- Budget deficits and the national debt: fact and fiction -- The trade-off between inflation and unemployment -- Further controversies over stabilization policy -- 4. Essentials of microeconomics: consumers and firms: The common sense of consumer choice -- Consumer demand and elasticity -- The common sense of business decisions: inputs and costs -- The common sense of business decisions: outputs and prices -- 5. The market system: virtues and vices: Firms in reality: the corporation and the stock market -- The Firm in the marketplace: perfect competition -- The price system and the case for laissez faire -- Pure monopoly and the market mechanism -- Between competition and monopoly -- Shortcomings of the market mechanism and Government attempts to remedy them -- 6. The Government and the economy: Limiting market power: regulation of industry -- Limiting market power: antitrust policy -- Taxation, government spending and resource allocation -- The Economics of environmental protection -- The Economics of energy and natural resources -- 7. The distribution of income: Input prices: interest, rent and profits -- The labor market and wages -- Poverty, inequality and discrimination -- 8. The International economy and economic growth: International trade and comparative advantage -- The International monetary system: order or disorder? -- Productivity problems -- Growth in developed an developing countries -- 9. Alternative economic systems: Marxian economics -- Comparative economic systems: what are the choices? -- Dissenting opinions: conservative, moderate and radical --   </subfield>
  </datafield>
  <datafield tag="650" ind1=" " ind2="0">
    <subfield code="a">Economics.</subfield>
  </datafield>
  <datafield tag="700" ind1="1" ind2=" ">
    <subfield code="a">Blinder, Alan S.</subfield>
  </datafield>
  <datafield tag="942" ind1=" " ind2=" ">
    <subfield code="2">lcc</subfield>
    <subfield code="c">BK</subfield>
  </datafield>
  <datafield tag="999" ind1=" " ind2=" ">
    <subfield code="c">8434</subfield>
    <subfield code="d">15934</subfield>
  </datafield>
  <datafield tag="952" ind1=" " ind2=" ">
    <subfield code="0">0</subfield>
    <subfield code="1">0</subfield>
    <subfield code="2">lcc</subfield>
    <subfield code="4">0</subfield>
    <subfield code="7">0</subfield>
    <subfield code="a">WIUC-KL</subfield>
    <subfield code="b">WIUC-KL</subfield>
    <subfield code="c">GEN</subfield>
    <subfield code="d">2019-10-23</subfield>
    <subfield code="o">HB171.5.B32(3e)</subfield>
    <subfield code="p">K/274/274/19</subfield>
    <subfield code="r">2022-01-18 00:00:00</subfield>
    <subfield code="w">2022-01-18</subfield>
    <subfield code="y">BK</subfield>
  </datafield>
</record>
